One-Syllable Movies II Quiz Stats

 Plays Quiz Updated Jul 2, 2019

Score 0/20 Timer 03:00
5 Plays Today
movie % Correct
Elf
96.3%
Up
94.9%
Ted
94.8%
Jaws
93.9%
Hook
91.1%
Ray
84.6%
Twins
82.2%
Creed
74.3%
Hitch
70%
Blade
67.1%
movie % Correct
Saw
56.2%
Signs
56.2%
Flight
51.3%
Paul
48.6%
Vice
48.4%
Crash
47.7%
Spy
46.2%
Joy
34.8%
9
32.2%
Heat
19.4%

You're not logged in!

Compare scores with friends on all Sporcle quizzes.
OR
Log In

Sporcle TV

Today on Sporcle TV


Watch our educational content, quiz creation guides, and fun videos on Sporcle TV.

Show Comments

Extras

Top Quizzes Today


Score Distribution

Your Account Isn't Verified!

In order to create a playlist on Sporcle, you need to verify the email address you used during registration. Go to your Sporcle Settings to finish the process.

Report this User

Report this user for behavior that violates our Community Guidelines.

Details: